000 00809cpcaa2200229 a 4500
001 mm 82027078
003 DLC
005 20260227111713.0
008 820702|||||||||||| eng
010 _amm 82027078
040 _aDLC
_cDLC
_edacs
_dDLC
072 7 _aC
_2lcmd
245 0 0 _aIndependence Hall autograph collection,
_f1652-1845.
300 _a567
_fitems.
300 _a1
_fcontainer.
506 0 _aOpen to research.
533 _aPhotocopies.
_b[S.l.]
546 _aCollection material in English.
710 2 _aIndependence Hall (Philadelphia, Pa.)
999 _c43528
_d43528